Countries and States with Tesla Factories - Statistics

General Stats
  • This quiz has been taken 484 times
    192 since last reset
  • The average score is 4 of 6
Answer Stats
Opened Name Country / State % Correct
2010 Tesla Factory (Fremont) California
88%
2021 Giga Texas (Austin) Texas
85%
2019 Giga Shanghai China
77%
2021 Giga Berlin Germany
63%
2017 Giga New York (Buffalo) New York
56%
2016 Giga Nevada Nevada
39%
No matching quizzes found
Score Distribution
Percent of People with Each Score
Percentile by Number Answered
Your Score History
You have not taken this quiz since the last reset